Stray Kids: I.N - Statistics

General Stats
  • This quiz has been taken 312 times
  • The average score is 7 of 15
Answer Stats
Question Answer % Correct
How many brothers does I.N have? 2
99%
What is I.N's full name? Yang Jeongin
95%
What animal is I.N's Skzoo? Fennec fox/fox
84%
What Racha line is I.N apart of? VocalRacha
83%
Which member does I.N spend the most time with? (Supposedly) Hyunjin
57%
How long did I.N train for? 2 years
55%
What is the name of I.N's solo song? (Skz-Replay) Hug Me
49%
What did I.N want to be when he was younger? A priest
46%
How many energy drinks did I.N drink when the rest of the members were out of the house? 25
41%
What is I.N's Instagram? i.2.n.8
26%
Which company is I.N a brand ambassador for? Alexander McQueen
24%
What is I.N's favourite type of ASMR? Mukbang
16%
When is I.N's birthday? (M/D/Y) February 11th 2001
14%
What is the name of I.N's Skzoo Foxl.Ny
9%
What type of singing is I.N good at? (Besides normal singing) Trot singing
9%
No matching quizzes found
Score Distribution
Percent of People with Each Score
Percentile by Number Answered
Your Score History
You have not taken this quiz